| 000 | 00945nam a2200277Ia 4500 | ||
|---|---|---|---|
| 003 | OSt | ||
| 005 | 20220924131653.0 | ||
| 006 | a|||||r|||| 00| 0 | ||
| 007 | ta | ||
| 008 | 220923b |||||||| |||| 00| 0 san d | ||
| 020 | _a8172701934 (hbk) | ||
| 020 | _c300 | ||
| 024 | _a236060 | ||
| 037 |
_b1742, 24/03/2008, Vidyanidhi Prakashan _cTextual |
||
| 040 |
_aARTS _cARTS _bsan |
||
| 041 |
_2san _asan |
||
| 082 | _aP15,Cx1,1,6,5:g, P7 | ||
| 100 |
_aTripathi Hari Kripalu Ed. _9202559 |
||
| 245 | 0 | _aBal manorama garbhit tattva bodhini laghu shabdendu shekhryos tulanatmakama adhynam | |
| 260 |
_aVaranasi _bSampurnanand Vishwavidyalaya India _c2007 |
||
| 300 |
_a207p. _ccm. |
||
| 490 | _aVishwavidyalaya swarnjayantivarshe praphutitam; 62 | ||
| 650 | _aLINGUISTICS | ||
| 942 |
_hP15,Cx1,1,6,5:g, P7 _cTEXL _2CC |
||
| 999 |
_c427782 _d427782 |
||